Người giàu nhất thế gian Những bí quyết Hạnh phúc, giàu có và thành công của Hoàng Đế Soomon

Đã lưu trong:
Bibliografiske detaljer
Hovedforfatter: K. Scott, Steven
Andre forfattere: Trần Thị Ngọc Hà (Dịch), Nông Thanh Nga (hiệu đính) ((hiệu đính))
Format: Bog
Udgivet: Hà Nội Lao động 2015
Fag:
Tags: Tilføj Tag
Ingen Tags, Vær først til at tagge denne postø!
Thư viện lưu trữ: Trung tâm Học liệu Lê Vũ Hùng, Trường Đại học Đồng Tháp
LEADER 00970aam a22002538a 4500
001 00040837
005 20180124090143.0
008 120502s2002 ||||||Viesd
020 # # |c 85000 
041 0 # |a Vie 
082 1 4 |a 650.1  |b NG558GI 
100 1 # |a K. Scott, Steven 
245 1 0 |a Người giàu nhất thế gian  |c Steven K. Scott; Trần Thị Ngọc Hà( Dịch);Nông Thanh Nga (hiệu đính)  |b Những bí quyết Hạnh phúc, giàu có và thành công của Hoàng Đế Soomon 
260 # # |a Hà Nội  |b Lao động  |c 2015 
300 # # |a 281 tr.  |c 21 cm. 
653 # # |a Bí Quyết 
653 # # |a Thế giới 
653 # # |a Thành công 
653 # # |a Giàu có 
700 1 # |a Trần Thị Ngọc Hà  |e Dịch 
700 1 # |a Nông Thanh Nga (hiệu đính)  |e (hiệu đính) 
852 # # |j KD.0023057 
910 |d 24/01/2018 
980 # # |a Trung tâm Học liệu Lê Vũ Hùng, Trường Đại học Đồng Tháp